| 000 | 00660nam a2200205 a 4500 | ||
|---|---|---|---|
| 001 | 63268 | ||
| 003 | BD-RjUL | ||
| 005 | 20211209081157.0 | ||
| 008 | 170129s1954 nyua 000 0 eng | ||
| 035 | _a(BD-RjUL)63397 | ||
| 040 |
_aDLC _cODaWU _dBD-RjUL _beng |
||
| 041 | _aeng | ||
| 082 |
_a901 _223 _bBAP 1954 |
||
| 100 | 1 |
_aBaruch, Bernard M. _q(Bernard Mannes), _d1870-1965. _9188303 |
|
| 245 | 1 | 2 |
_aA philosophy for our time / _cWith an introd. by Buell G. Gallagher and a foreword by Thomas L. Norton. |
| 260 |
_aNew York : _bSimon and Schuster, _c1954 ? |
||
| 300 |
_a49 p. : _bill. ; _c21 cm. |
||
| 650 | 0 |
_aCivilization, Modern. _9170288 |
|
| 942 |
_2ddc _cBK |
||
| 999 |
_c63268 _d63268 |
||